Drake's Billboard Hot 100 Top 10 Hits - Statistics

General Stats
  • This quiz has been taken 411 times
    61 since last reset
  • The average score is 21 of 81
Answer Stats
Peak Position Peak Year Answer Featured Artist(s) % Correct
1 2023 First Person Shooter J. Cole
76%
1 2016 One Dance WizKid, Kyla
74%
1 2018 God's Plan N/A
67%
1 2022 WAIT FOR U Future ft. Drake & Tems
64%
1 2023 Slime You Out SZA
57%
1 2016 Work Rihanna ft. Drake
55%
1 2022 Jimmy Cooks 21 Savage
52%
2 2022 Rich Flex 21 Savage
50%
4 2021 Knife Talk 21 Savage, Project Pat
45%
7 2012 Take Care Rihanna
45%
8 2009 Forever Kanye West, Lil Wayne, Eminem
43%
1 2018 In My Feelings N/A
43%
1 2021 Way 2 Sexy Future, Young Thug
43%
9 2018 Don't Matter To Me Michael Jackson
40%
2 2015 Hotline Bling N/A
40%
5 2018 MIA Bad Bunny ft. Drake
40%
2 2018 Nonstop N/A
40%
3 2021 Fair Trade Travis Scott
36%
1 2018 Nice For What N/A
36%
2 2025 Nokia N/A
36%
1 2020 Toosie Slide N/A
36%
2 2021 Girls Want Girls Lil Baby
33%
2 2020 Laugh Now Cry Later Lil Durk
33%
3 2023 Meltdown Travis Scott ft. Drake
33%
5 2019 No Guidance Chris Brown ft. Drake
33%
1 2010 What's My Name? Rihanna ft. Drake
33%
8 2013 F**kin' Problems A$AP Rocky ft. Drake, 2 Chainz, Kendrick Lamar
31%
6 2018 Going Bad Meek Mill ft. Drake
31%
4 2013 Hold On, We're Going Home Majid Jordan
31%
2 2023 IDGAF Yeat
31%
5 2018 Look Alive BlocBoy JB ft. Drake
31%
2 2021 Wants and Needs Lil Baby
31%
2 2025 What Did I Miss? N/A
29%
1 2021 What's Next N/A
29%
10 2011 I'm On One DJ Khaled ft. Drake, Rick Ross, Lil Wayne
26%
6 2022 Pussy & Millions 21 Savage, Travis Scott
26%
3 2011 She Will Lil Wayne ft. Drake
26%
6 2018 Yes Indeed Lil Baby ft. Drake
26%
8 2020 GREECE DJ Khaled ft. Drake
24%
9 2013 Love Me Lil Wayne ft. Drake, Future
24%
7 2019 Money In The Grave Rick Ross
24%
8 2017 Passionfruit N/A
24%
5 2022 Spin Bout U 21 Savage
24%
5 2022 Staying Alive DJ Khaled ft. Drake & Lil Baby
24%
7 2020 Pain 1993 Playboi Carti
21%
3 2020 POPSTAR DJ Khaled ft. Drake
21%
4 2022 On BS 21 Savage
19%
9 2017 Portland Quavo, Travis Scott
19%
10 2018 Walk It Talk It Migos ft. Drake
19%
2 2009 Best I Ever Had N/A
17%
7 2021 In The Bible Lil Durk, Giveon
17%
2 2020 Life Is Good Future ft. Drake
17%
6 2013 Started From The Bottom N/A
17%
4 2021 Champagne Poetry N/A
14%
6 2025 Gimme A Hug N/A
14%
3 2022 Major Distribution 21 Savage
14%
9 2011 Make Me Proud Nicki Minaj
14%
7 2018 I'm Upset N/A
12%
10 2020 Mr. Right Now 21 Savage & Metro Boomin ft. Drake
12%
6 2022 Sticky N/A
12%
9 2021 TSU N/A
12%
7 2024 Act II: Date @ 8 4Batz ft. Drake
10%
8 2022 Circo Loco 21 Savage
10%
8 2023 Daylight N/A
10%
7 2024 Family Matters N/A
10%
10 2021 Love All JAY-Z
10%
7 2022 Privileged Rappers 21 Savage
10%
3 2023 Virginia Beach N/A
10%
5 2023 Calling For You 21 Savage
7%
7 2018 Diplomatic Immunity N/A
7%
8 2018 Emotionless N/A
7%
8 2017 Fake Love N/A
7%
7 2022 Falling Back N/A
7%
10 2023 Fear Of Heights N/A
7%
3 2021 Lemon Pepper Freestyle Rick Ross
7%
8 2021 Papi's Home N/A
7%
2 2023 Search & Rescue N/A
7%
9 2022 BackOutsideBoyz N/A
5%
5 2010 Find Your Love N/A
5%
6 2010 Right Above It Lil Wayne ft. Drake
5%
6 2016 Summer Sixteen N/A
5%
No matching quizzes found
Score Distribution
Percent of People with Each Score
Percentile by Number Answered
Your Score History
You have not taken this quiz since the last reset